| 000 | 00829nam a2200229 i 4500 | ||
|---|---|---|---|
| 001 | 32607 | ||
| 003 | ES-MaACL | ||
| 005 | 20250927155719.0 | ||
| 007 | t| | ||
| 008 | 030131s1958 sp ||||1| spa d | ||
| 100 | 1 |
_aBerle, Adolf A. _928053 |
|
| 245 | 1 | 3 |
_aLa revolución capitalista del siglo XX / _cAdolf A. Berle ; traducción castellana de Esteba Molist Pol ; nota preliminar de Jacinto Ros Hombravella. |
| 260 |
_aBarcelona : _bVergara, _c[1958] ( _fDuplex) |
||
| 300 |
_a173 p. ; _c18 cm. |
||
| 490 | 1 |
_aColección "Nuevos Horizontes" ; _v27 |
|
| 650 | 0 | 4 |
_aSociedades anónimas. _917182 |
| 700 | 1 |
_aMolist Pol, Esteban. _982025 |
|
| 700 | 1 |
_aRos Hombravella, Jacint, _d1934- _999589 |
|
| 830 | 0 |
_aColección "Nuevos Horizontes" ; _v27 _9181509 |
|
| 852 |
_aES-MaACL _jC-15164 _bR.42583 |
||
| 999 |
_c32607 _d32607 |
||